Deco type : (Record no. 18658)

000 -LEADER
fixed length control field 01305pam a2200313 a 4500
001 - CONTROL NUMBER
control field 691784
005 - DATE AND TIME OF LATEST TRANSACTION
control field 20170113125447.0
008 - FIXED-LENGTH DATA ELEMENTS--GENERAL INFORMATION
fixed length control field 961015s1997 caua b 000 0 eng
010 ## - LIBRARY OF CONGRESS CONTROL NUMBER
LC control number 96037088
020 ## - INTERNATIONAL STANDARD BOOK NUMBER
International Standard Book Number 0811811352 (pbk.)
040 ## - CATALOGING SOURCE
Original cataloging agency DLC
Transcribing agency DLC
Modifying agency DLC
050 00 - LIBRARY OF CONGRESS CALL NUMBER
Classification number NK3625
Item number .A7H46 1997
100 1# - MAIN ENTRY--PERSONAL NAME
Personal name Heller, Steven.
245 10 - TITLE STATEMENT
Title Deco type :
Remainder of title stylish alphabets of the '20s & '30s /
Statement of responsibility, etc. Steven Heller & Louise Fili.
260 ## - PUBLICATION, DISTRIBUTION, ETC. (IMPRINT)
Place of publication, distribution, etc. San Francisco :
Name of publisher, distributor, etc. Chronicle Books,
Date of publication, distribution, etc. 1997.
300 ## - PHYSICAL DESCRIPTION
Extent 132 p. :
Other physical details col. ill. ;
Dimensions 21 x 23 cm.
504 ## - BIBLIOGRAPHY, ETC. NOTE
Bibliography, etc Includes bibliographical references (p. 132).
650 #0 - SUBJECT ADDED ENTRY--TOPICAL TERM
Topical term or geographic name as entry element Alphabets.
650 #0 - SUBJECT ADDED ENTRY--TOPICAL TERM
Topical term or geographic name as entry element Decoration and ornament
General subdivision Art deco.
700 1# - ADDED ENTRY--PERSONAL NAME
Personal name Fili, Louise.
856 42 - ELECTRONIC LOCATION AND ACCESS
Materials specified Publisher description
Uniform Resource Identifier <a href="http://www.loc.gov/catdir/enhancements/fy0722/96037088-d.html">http://www.loc.gov/catdir/enhancements/fy0722/96037088-d.html</a>
856 42 - ELECTRONIC LOCATION AND ACCESS
Materials specified Contributor biographical information
Uniform Resource Identifier <a href="http://www.loc.gov/catdir/enhancements/fy0738/96037088-b.html">http://www.loc.gov/catdir/enhancements/fy0738/96037088-b.html</a>
942 ## - ADDED ENTRY ELEMENTS (KOHA)
Source of classification or shelving scheme
Koha item type Hard Covered Materials
Classification part NK3625 .A7H46 1997
Holdings
Withdrawn status Lost status Source of classification or shelving scheme Damaged status Not for loan Home library Current library Shelving location Date acquired Source of acquisition Total Checkouts Full call number Barcode Date last seen Price effective from Koha item type
          MACHAKOS UNIVERSITY LIBRARY MACHAKOS UNIVERSITY LIBRARY Open shelf 13/01/2017 Donation(BFA)   NK3625 .A7H46 1997 29300 13/01/2017 13/01/2017 Hard Covered Materials
© Machakos University Library, Along The Highway, Machakos Wote Rd, Machakos, Kenya P.O. Box 136 - 90100 Machakos - Kenya

Tel: ( +254 ) 723 805829 OR Fax : 044-20353 OR Email: library@mksu.ac.ke